00701nam a2200241 a 4500001001300000003000900013005001700022008004100039020002300080082001600103100002900119245001900148260002500167300000900192500003500201505001400236650002900250700002900279902000800308942000700316952011900323999001700442nice12345678IN_TiNIC20260116015045.0050524s1999 dela grp 000 0 eng  a8172140 c10000a232.1bBAN2 aBanerjee, Brojendra Nath aJesus My Faith aDelhi bISPCK c1999 a322p aincludes index and biblioraphy2 aAppendice aJesus Christ-Messiahship1 aBanerjee, Brojendra Nath bSRS cBK 001040708StackRoom-aHMIbHMId2007-06-18g100.00l0o232.1 BAN2p11000811r2007-06-18v100.00w2005-05-24yBK c18131d18131